[Event "Titled Tuesday intern op 24th Aug"]
[Site "Chess.com INT"]
[Date "2021.08.24"]
[Round "2"]
[White "Idrisov, Ildar F"]
[Black "Yoo, Christopher Woojin"]
[Result "0-1"]
[WhiteElo "2282"]
[BlackElo "2466"]
[PlyCount "90"]
[EventDate "2021.08.24"]
[EventType "swiss (blitz)"]
[EventRounds "11"]
[EventCountry "USA"]
[SourceTitle "EXT 2022"]
[Source "ChessBase"]
[SourceDate "2021.10.06"]
[SourceVersion "1"]
[SourceVersionDate "2021.10.06"]
[SourceQuality "1"]

1. Nf3 Nf6 2. b3 e6 3. Bb2 d5 4. c4 b6 5. g3 Bb7 6. Bg2 Nbd7 7. 0-0 Bd6 8. d3 0-0 9. Nbd2 Qe7 10. e4 dxe4 11. dxe4 Nxe4 12. Nxe4 Bxe4 13. Qd4 Nf6 14. Ne5 Bxg2 15. Kxg2 c5 16. Qh4 Qb7+ 17. f3 Rad8 18. Rad1 Qc7 19. Qg5 h6 20. Qe3 Be7 21. g4 Rxd1 22. Rxd1 Rd8 23. Rd3 Rxd3 24. Qxd3 Bd6 25. Qe3 Nd7 26. Nxd7 Qxd7 27. Qe4 Qe7 28. Qc6 Kh7 29. Qe4+ g6 30. Qc6 Bf4 31. Qe4 e5 32. Qd5 Kg8 33. Kh3 h5 34. gxh5 Qg5 35. hxg6 Qh5+ 36. Kg2 Qxg6+ 37. Kh3 Qh5+ 38. Kg2 Qxh2+ 39. Kf1 Qxb2 40. Qd8+ Kg7 41. Qh4 Qc1+ 42. Ke2 Qe3+ 43. Kf1 Qxf3+ 44. Kg1 Be3+ 45. Kh2 Qf4+ 0-1

[Event "Titled Tuesday intern op 17th Aug"]
[Site "Chess.com INT"]
[Date "2021.08.17"]
[Round "7"]
[White "Aldokhin, Ivan"]
[Black "Idrisov, Ildar F"]
[Result "1-0"]
[WhiteElo "2413"]
[BlackElo "2282"]
[PlyCount "107"]
[EventDate "2021.08.17"]
[EventType "swiss (blitz)"]
[EventRounds "11"]
[EventCountry "USA"]
[SourceTitle "EXT 2022"]
[Source "ChessBase"]
[SourceDate "2021.10.06"]
[SourceVersion "1"]
[SourceVersionDate "2021.10.06"]
[SourceQuality "1"]

1. e4 d5 2. exd5 Qxd5 3. Nc3 Qd6 4. Bc4 a6 5. Nge2 Nf6 6. d4 Bg4 7. Bf4 Qxf4 8. Nxf4 Bxd1 9. Rxd1 e6 10. d5 Bd6 11. Nce2 e5 12. Nd3 Nbd7 13. Ng3 g6 14. 0-0 0-0 15. f3 Nc5 16. Nxc5 Bxc5+ 17. Kh1 Rae8 18. Rfe1 Kg7 19. Re2 Bd6 20. a4 Nd7 21. c3 f5 22. a5 Re7 23. Bb3 Rfe8 24. Ba4 Rd8 25. Bxd7 Rexd7 26. b4 Re7 27. Kg1 Rde8 28. Kf2 e4 29. fxe4 Bxg3+ 30. hxg3 Rxe4 31. Rxe4 Rxe4 32. d6 cxd6 33. Rxd6 Rc4 34. Rd7+ Kh6 35. Rxb7 Rxc3 36. Rb6 Rb3 37. Ke2 Kg5 38. Kd2 Kg4 39. Kc2 Ra3 40. Rxa6 Kxg3 41. b5 Ra4 42. b6 Rb4 43. Ra7 Kxg2 44. b7 f4 45. a6 f3 46. Ra8 f2 47. Rf8 f1Q 48. Rxf1 Kxf1 49. a7 Rxb7 50. a8Q Rc7+ 51. Kd2 Kf2 52. Qf8+ Kg2 53. Qa8+ Kh3 54. Qf3+ 1-0